00501 a2200169 4500001000700000020001800007040003500025100002100060240003800081245003300119300001000152362000900162697002400171942000700195952011000202999001900312156895 a9788508171729 cEscola São Tomás de Aquino aIACOCCA, Liliana10aMãe canguru, filho cangurulpor10aMãe canguru, filho canguru a16 p.0 a2015 a*LITERATURA INFANTO cBK 00104070a12.22b12.22d2024-04-30l0o028.52 IAC MAEpEST00011397r2024-04-30 22:14:17w2024-04-30yBK c156895d156895